UBT Library

Rendesia e Marketingut ne Zhvillimin e Sektorit Privat (Record no. 45878)

000 -LEADER
fixed length control field 00295nam a22001217a 4500
008 - FIXED-LENGTH DATA ELEMENTS--GENERAL INFORMATION
fixed length control field 180517b xxu||||| |||| 00| 0 eng d
041 ## - LANGUAGE CODE
Language code of text/sound track or separate title eng
080 ## - UNIVERSAL DECIMAL CLASSIFICATION NUMBER
Universal Decimal Classification number 043.3
100 ## - Rafti
Rafti 0
101 ## - Shkurtesa
Shkurtesa MBE-BA
245 ## - TITLE STATEMENT
Title Rendesia e Marketingut ne Zhvillimin e Sektorit Privat
Statement of responsibility, etc Riza, D
942 ## - ADDED ENTRY ELEMENTS (KOHA)
Source of classification or shelving scheme
Item type Books
Holdings
Withdrawn status Lost status Source of classification or shelving scheme Damaged status Not for loan Collection code Permanent location Current location Shelving location Date acquired Total Checkouts Full call number Barcode Date last seen Price effective from Koha item type
          Koleksioni i përgjithshem UBT - Lipjan UBT - Lipjan Disertacionet 05/17/2018   043.3 Riza, D 2014 002-3004057 05/17/2018 05/17/2018 Books
          Koleksioni i përgjithshem UBT - Lipjan UBT - Lipjan Disertacionet 05/17/2018   043.3 Riza, D 2014 002-3004058 05/17/2018 05/17/2018 Books
          Koleksioni i përgjithshem UBT - Lipjan UBT - Lipjan Disertacionet 05/17/2018   043.3 Riza, D 2014 002-3004059 05/17/2018 05/17/2018 Books
          Koleksioni i përgjithshem UBT - Lipjan UBT - Lipjan Disertacionet 05/17/2018   043.3 Riza, D 2014 002-3004054 05/17/2018 05/17/2018 Books
UBT Library © 2015-2024. All rights reserved University Education for Business and Technology